Juicio de las leyes civiles.
Сохранить в:
| Главный автор: | |
|---|---|
| Другие авторы: | , |
| Формат: | |
| Язык: | английский |
| Опубликовано: |
Madrid, España:
Universidad Carlos III de Madrid,
2016.
|
| Серии: | Historia del derecho,
|
| Предметы: | |
| Метки: |
Добавить метку
Нет меток, Требуется 1-ая метка записи!
|
MARC
| LEADER | 00000nam a22000007a 4500 | ||
|---|---|---|---|
| 003 | CL-VaPUC | ||
| 005 | 20220822114749.0 | ||
| 008 | 220729t2016 ||||| |||| 00| 0 eng d | ||
| 999 | |c 437772 |d 437770 | ||
| 020 | |a 978-84-9085-873-8 | ||
| 040 | |c Pontificia Universidad Católica de Valparaíso | ||
| 082 | |2 22 |a 346.46 DEZ 2016 | ||
| 100 | |9 874369 |a Deza, Lope de |e autor | ||
| 245 | |a Juicio de las leyes civiles. | ||
| 260 | |a Madrid, España: |b Universidad Carlos III de Madrid, |c 2016. | ||
| 300 | |a 136 páginas. | ||
| 490 | |a Historia del derecho, |n 46. | ||
| 500 | |a c.1 Donación Familia Prof. Alejandro Guzmán Brito. | ||
| 583 | |c 20220729 |k Yessy Sthefany Diaz Vidal | ||
| 650 | 0 | |9 255013 |a Derecho civil |z España | |
| 650 | 0 | |9 258243 |a Derecho privado |z España | |
| 651 | 0 | |9 254926 |a España |x Política y gobierno | |
| 700 | |9 258259 |a Tau Anzoátegui, Víctor |e estudio preliminar | ||
| 700 | |9 874370 |a María e Izquierdo, María José |e edición | ||
| 942 | |2 ddc |c BK |n 0 | ||
| 952 | |0 0 |1 0 |2 ddc |4 0 |6 346_460000000000000_DEZ_2016 |7 1 |8 C_AGB |9 585576 |a BIBDER |b BIBDER |d 2022-07-29 |e Donación |i 5653566 |o 346.46 DEZ 2016 |p 5653566 |r 2023-01-25 |t 1 |w 2022-07-29 |y BK_US |k AGB | ||